[Event "Isle of Wight International"]
[Site "Ryde"]
[Date "2025.02.20"]
[Round "5.8"]
[White "Ghasi, Ameet K"]
[Black "Arkell, Keith C"]
[Result "1-0"]
[WhiteElo "2506"]
[BlackElo "2329"]
[PlyCount "87"]
[EventDate "2025.02.18"]
[EventType "swiss"]
[EventRounds "9"]
[EventCountry "ENG"]
[SourceTitle "BritBase"]
[Source "John Saunders"]
[SourceDate "2025.02.21"]
[SourceVersion "1"]
[SourceVersionDate "2025.02.21"]
[SourceQuality "1"]

1. c4 c5 2. Nf3 Nf6 3. Nc3 Nc6 4. g3 g6 5. Bg2 Bg7 6. d4 cxd4 7. Nxd4 Nxd4 8. Qxd4 O-O 9. O-O d6 10. Qe3 Be6 11. b3 Qd7 12. Rd1 Bh3 13. Bf3 Ng4 14. Qd2 Rac8 15. Bb2 Rfe8 16. a4 Qf5 17. Nd5 Bxb2 18. Qxb2 Qe5 19. Rd4 Nh6 20. Rb1 Bf5 21. e4 Bd7 22. Qd2 g5 23. Re1 Kh8 24. a5 Qg7 25. Ne3 g4 26. Bg2 f6 27. Nf5 Nxf5 28. exf5 Bxf5 29. Bxb7 Rc7 30. Bg2 Rec8 31. b4 h5 32. b5 Rb8 33. Rd5 Bg6 34. c5 Rxc5 35. Rxc5 dxc5 36. Bc6 e5 37. b6 axb6 38. a6 Rc8 39. Qd6 Rc7 40. Ra1 Ra7 41. Qb8+ Kh7 42. Bb7 Rxb7 43. Qxb7 c4 44. Qc6 1-0

[Event "Isle of Wight International"]
[Site "Ryde"]
[Date "2025.02.20"]
[Round "5.9"]
[White "Dickenson, Neil F"]
[Black "Chatalbashev, Boris"]
[Result "0-1"]
[WhiteElo "2283"]
[BlackElo "2489"]
[PlyCount "106"]
[EventDate "2025.02.18"]
[EventType "swiss"]
[EventRounds "9"]
[EventCountry "ENG"]
[SourceTitle "BritBase"]
[Source "John Saunders"]
[SourceDate "2025.02.21"]
[SourceVersion "1"]
[SourceVersionDate "2025.02.21"]
[SourceQuality "1"]

1. d4 Nf6 2. Bg5 e6 3. e4 h6 4. Bxf6 Qxf6 5. c3 d6 6. Bd3 g6 7. Ne2 Bg7 8. O-O e5 9. Nd2 O-O 10. f4 Qe7 11. f5 Nd7 12. fxg6 fxg6 13. Nf3 Kh7 14. Qd2 a5 15. Rae1 a4 16. h3 Nf6 17. Ng3 Bd7 18. Re2 b5 19. a3 c5 20. d5 Rab8 21. Ref2 h5 22. Ng5+ Kg8 23. Nf3 Nh7 24. Kh1 Rf4 25. Ne2 Rf6 26. Neg1 Rbf8 27. Ne1 Bh6 28. Qe2 c4 29. Bc2 Bf4 30. Bd1 Be8 31. Qc2 g5 32. g4 Rh6 33. Ng2 Nf6 34. gxh5 Nxh5 35. Bxh5 Bxh5 36. Ne3 Bg6 37. Ng4 Rh4 38. Rg2 Qh7 39. Re1 Bh5 40. Nh2 Kh8 41. Rf1 Bg6 42. Re1 Bxh2 43. Kxh2 Bxe4 44. Rxe4 Qxe4 45. Qxe4 Rxe4 46. Rxg5 Rf2+ 47. Kg3 Rxb2 48. Rg6 Re3+ 49. Kh4 Rxc3 50. Kh5 Kh7 51. h4 b4 52. axb4 a3 53. Rxd6 Rg2 0-1

[Event "Isle of Wight International"]
[Site "Ryde"]
[Date "2025.02.20"]
[Round "5.10"]
[White "Wadsworth, Matthew J"]
[Black "Kovalskyi, Roman"]
[Result "1-0"]
[WhiteElo "2489"]
[BlackElo "2240"]
[PlyCount "71"]
[EventDate "2025.02.18"]
[EventType "swiss"]
[EventRounds "9"]
[EventCountry "ENG"]
[SourceTitle "BritBase"]
[Source "John Saunders"]
[SourceDate "2025.02.21"]
[SourceVersion "1"]
[SourceVersionDate "2025.02.21"]
[SourceQuality "1"]

1. Nf3 d5 2. g3 c5 3. Bg2 Nf6 4. O-O e6 5. c4 d4 6. e3 Nc6 7. exd4 cxd4 8. d3 Bd6 9. Na3 O-O 10. Nc2 e5 11. b4 Re8 12. Re1 Qc7 13. Rb1 Bf5 14. Bg5 Nd7 15. Nh4 Be6 16. Be4 f6 17. Bd2 Nf8 18. Qf3 Be7 19. Nf5 Nd8 20. b5 Bxf5 21. Qxf5 Nde6 22. Bd5 g6 23. Bxe6+ Kg7 24. Qh3 Nxe6 25. Qxe6 Bb4 26. Bh6+ Kxh6 27. Qh3+ Kg7 28. Nxb4 f5 29. Nd5 Qa5 30. Qh4 Re6 31. Rxe5 Rae8 32. Rxe6 Rxe6 33. Qxd4+ Kf7 34. Nf4 Re1+ 35. Rxe1 Qxe1+ 36. Kg2 1-0

[Event "Isle of Wight International"]
[Site "Ryde"]
[Date "2025.02.20"]
[Round "5.11"]
[White "Collin, Moritz Valentin"]
[Black "Plat, Vojtech"]
[Result "0-1"]
[WhiteElo "2240"]
[BlackElo "2459"]
[PlyCount "128"]
[EventDate "2025.02.18"]
[EventType "swiss"]
[EventRounds "9"]
[EventCountry "ENG"]
[SourceTitle "BritBase"]
[Source "John Saunders"]
[SourceDate "2025.02.21"]
[SourceVersion "1"]
[SourceVersionDate "2025.02.21"]
[SourceQuality "1"]

1. d4 d5 2. c4 e5 3. dxe5 Ne7 4. Nf3 Nbc6 5. cxd5 Qxd5 6. Qxd5 Nxd5 7. a3 Bg4 8. Nbd2 O-O-O 9. h3 Bxf3 10. Nxf3 Bb4+ 11. Bd2 Bxd2+ 12. Nxd2 Rhe8 13. O-O-O Nxe5 14. g3 Re6 15. Bg2 Rc6+ 16. Kb1 Rb6 17. Ka2 Rbd6 18. Kb3 Ne3 19. fxe3 Rxd2 20. Rxd2 Rxd2 21. Re1 c6 22. Be4 Rd8 23. Kc3 h6 24. b4 Kc7 25. a4 Re8 26. Bc2 Nd7 27. Kd4 a5 28. bxa5 Ra8 29. Rf1 f6 30. Rf5 Ne5 31. g4 Rxa5 32. e4 Ra8 33. Rf1 Rd8+ 34. Ke3 Nc4+ 35. Kf4 g5+ 36. Kg3 Ne3 37. Rc1 Nxc2 38. Rxc2 Rd4 39. Rc3 Rxa4 40. Rf3 Rxe4 41. Rxf6 Re3+ 42. Kg2 b5 43. Rxh6 Rxe2+ 44. Kf3 Re8 45. h4 gxh4 46. g5 Rg8 47. g6 Kb6 48. Ke4 b4 49. Rxh4 Rxg6 50. Kf5 Rg1 51. Rxb4+ Kc5 52. Rb2 Kd4 53. Rd2+ Kc3 54. Re2 c5 55. Ke4 Rd1 56. Re3+ Kb4 57. Kf3 c4 58. Ke2 Rd8 59. Re7 Kb3 60. Rc7 c3 61. Rb7+ Kc2 62. Re7 Kc1 63. Rc7 c2 64. Rh7 Rb8 0-1

[Event "Isle of Wight International"]
[Site "Ryde"]
[Date "2025.02.20"]
[Round "5.12"]
[White "Steiners, Emils"]
[Black "Czopor, Maciej"]
[Result "0-1"]
[WhiteElo "2237"]
[BlackElo "2409"]
[PlyCount "120"]
[EventDate "2025.02.18"]
[EventType "swiss"]
[EventRounds "9"]
[EventCountry "ENG"]
[SourceTitle "BritBase"]
[Source "John Saunders"]
[SourceDate "2025.02.21"]
[SourceVersion "1"]
[SourceVersionDate "2025.02.21"]
[SourceQuality "1"]

1. d4 Nf6 2. c4 e6 3. Nc3 d5 4. cxd5 exd5 5. Bg5 c6 6. e3 Bd6 7. Qc2 O-O 8. Bd3 h6 9. Bh4 Re8 10. Nge2 a5 11. Bg3 Na6 12. a3 Nc7 13. O-O Bxg3 14. Nxg3 Qd6 15. Rfe1 Bg4 16. f3 Bd7 17. Rad1 Rac8 18. Qf2 c5 19. Bb1 cxd4 20. exd4 g6 21. Qd2 Kg7 22. f4 Rxe1+ 23. Rxe1 b5 24. f5 g5 25. Nce2 b4 26. axb4 axb4 27. Nc1 Bb5 28. Nd3 Bxd3 29. Bxd3 Qb6 30. Bf1 Ra8 31. Kh1 Nce8 32. Qf2 Nd6 33. Bd3 b3 34. Rd1 Ra4 35. Be2 Nde4 36. Nxe4 Nxe4 37. Qe3 Qf6 38. g4 Qc6 39. Bf3 Qc2 40. Rc1 Qxb2 41. Bxe4 dxe4 42. f6+ Kxf6 43. Rf1+ Kg7 44. Qg3 Qxd4 45. Qxb3 Ra7 46. h4 e3 47. hxg5 hxg5 48. Rd1 Qe4+ 49. Kh2 Qf4+ 50. Kh3 Qf3+ 51. Kh2 Qxg4 52. Qxe3 Ra2+ 53. Rd2 Rxd2+ 54. Qxd2 Qf4+ 55. Qxf4 gxf4 56. Kh3 Kf6 57. Kg4 Ke5 58. Kf3 Kf5 59. Kf2 Kg4 60. Kg2 f3+ 0-1

[Event "Isle of Wight International"]
[Site "Ryde"]
[Date "2025.02.20"]
[Round "5.13"]
[White "Derakhshani, Borna"]
[Black "Bin-Suhayl, Ieysaa"]
[Result "1-0"]
[WhiteElo "2355"]
[BlackElo "2228"]
[PlyCount "125"]
[EventDate "2025.02.18"]
[EventType "swiss"]
[EventRounds "9"]
[EventCountry "ENG"]
[SourceTitle "BritBase"]
[Source "John Saunders"]
[SourceDate "2025.02.21"]
[SourceVersion "1"]
[SourceVersionDate "2025.02.21"]
[SourceQuality "1"]

1. e4 c6 2. d4 d5 3. e5 c5 4. Nf3 Nc6 5. dxc5 e6 6. Be3 Nge7 7. Bd3 Qc7 8. O-O Nxe5 9. Nxe5 Qxe5 10. Bb5+ Nc6 11. c3 Bd7 12. Qg4 a6 13. Ba4 Rc8 14. Bd4 h5 15. Qd1 Qf4 16. b4 Rc7 17. Bxc6 Rxc6 18. Re1 f6 19. Nd2 Kf7 20. Nb3 Rc7 21. Re3 Kg8 22. Re1 Qf5 23. Be3 Ba4 24. Qd2 Bxb3 25. axb3 Be7 26. Re2 Kh7 27. Rae1 Rd8 28. f4 Re8 29. Bd4 Bd8 30. Qc2 Qxc2 31. Rxc2 Rce7 32. Rce2 Bc7 33. g3 e5 34. fxe5 fxe5 35. Be3 Kg6 36. Kg2 d4 37. Bxd4 e4 38. Rf1 Rh8 39. h4 Rd8 40. Kh3 Rde8 41. Rff2 Re6 42. Re1 Bd8 43. Rf4 Bc7 44. Rf2 Bd8 45. Rg2 Bf6 46. g4 e3 47. gxh5+ Kxh5 48. Bxf6 gxf6 49. Rg7 R8e7 50. Rxe7 Rxe7 51. Kg3 f5 52. Kf4 e2 53. Kf3 Kxh4 54. Rxe2 Rf7 55. Kf4 Kh5 56. Re6 Rd7 57. c6 bxc6 58. Rxc6 Rd1 59. Kxf5 Ra1 60. Ke4 Ra3 61. Kd4 Kg5 62. Kc4 Kf4 63. Rc5 1-0

[Event "Isle of Wight International"]
[Site "Ryde"]
[Date "2025.02.20"]
[Round "5.14"]
[White "Boswell, Jacob Connor"]
[Black "Fischer, Daniel"]
[Result "0-1"]
[WhiteElo "2214"]
[BlackElo "2341"]
[PlyCount "76"]
[EventDate "2025.02.18"]
[EventType "swiss"]
[EventRounds "9"]
[EventCountry "ENG"]
[SourceTitle "BritBase"]
[Source "John Saunders"]
[SourceDate "2025.02.21"]
[SourceVersion "1"]
[SourceVersionDate "2025.02.21"]
[SourceQuality "1"]

1. d4 Nf6 2. c4 e6 3. Nf3 b6 4. g3 Ba6 5. b3 Bb4+ 6. Bd2 Be7 7. Nc3 d5 8. cxd5 exd5 9. Bg2 O-O 10. O-O Re8 11. a3 Nbd7 12. b4 c6 13. Qa4 Bb7 14. Bf4 c5 15. bxc5 bxc5 16. Rab1 cxd4 17. Qxd4 Bc5 18. Qd3 Nb6 19. Nd4 Ne4 20. Nb3 Bf8 21. Nb5 Ba6 22. N3d4 Rc8 23. Rfc1 Rc5 24. Qb3 Qf6 25. Nc7 Rxc7 26. Rxc7 Qxd4 27. Be3 Qf6 28. Bxe4 Rxe4 29. Rxa7 Nc4 30. Qb8 Nxe3 31. Ra8 h6 32. Qxf8+ Kh7 33. Qh8+ Kg6 34. Qb8 Nc4 35. e3 Re6 36. Rd1 Qf3 37. Qb1+ f5 38. Rd4 Nxe3 0-1

[Event "Isle of Wight International"]
[Site "Ryde"]
[Date "2025.02.20"]
[Round "5.15"]
[White "Venkatesan, Kavin"]
[Black "Willow, Jonah B"]
[Result "0-1"]
[WhiteElo "2227"]
[BlackElo "2459"]
[PlyCount "50"]
[EventDate "2025.02.18"]
[EventType "swiss"]
[EventRounds "9"]
[EventCountry "ENG"]
[SourceTitle "BritBase"]
[Source "John Saunders"]
[SourceDate "2025.02.21"]
[SourceVersion "1"]
[SourceVersionDate "2025.02.21"]
[SourceQuality "1"]

1. d4 Nf6 2. c4 e6 3. Nc3 Bb4 4. f3 c5 5. d5 d6 6. e4 b5 7. Nge2 bxc4 8. Nf4 g5 9. Nfe2 exd5 10. exd5 Qe7 11. Bxg5 Nbd7 12. Qc2 Rg8 13. Bxf6 Nxf6 14. Kf2 Kf8 15. a3 Ba5 16. Ng3 Qe5 17. Rd1 Rb8 18. Be2 Qf4 19. Qd2 Ng4+ 20. Kg1 Ne3 21. Bf1 Qd4 22. Nge2 Bxc3 23. Nxc3 Nxd1+ 24. Qxd4 cxd4 25. Nxd1 c3 0-1

[Event "Isle of Wight International"]
[Site "Ryde"]
[Date "2025.02.20"]
[Round "5.16"]
[White "Roberson, Peter T"]
[Black "Rappazzo, Johannes"]
[Result "1-0"]
[WhiteElo "2444"]
[BlackElo "2209"]
[PlyCount "57"]
[EventDate "2025.02.18"]
[EventType "swiss"]
[EventRounds "9"]
[EventCountry "ENG"]
[SourceTitle "BritBase"]
[Source "John Saunders"]
[SourceDate "2025.02.21"]
[SourceVersion "1"]
[SourceVersionDate "2025.02.21"]
[SourceQuality "1"]

1. e4 c5 2. Be2 Nc6 3. f4 g6 4. Nf3 Bg7 5. O-O d6 6. d3 Nf6 7. Qe1 O-O 8. Qh4 Nd4 9. Nxd4 cxd4 10. f5 Qb6 11. Nd2 Bd7 12. g4 d5 13. e5 Ne4 14. Nxe4 dxe4 15. f6 exf6 16. exf6 Bh8 17. g5 Rac8 18. Rf4 Qa5 19. b4 Qxb4 20. Qh6 Qe1+ 21. Bf1 e3 22. Ba3 Qd2 23. Bb4 Qxc2 24. Bg2 Bc6 25. Bxc6 bxc6 26. Raf1 e2 27. Re1 Qxd3 28. Rh4 Qe3+ 29. Kg2 1-0

[Event "Isle of Wight International"]
[Site "Ryde"]
[Date "2025.02.20"]
[Round "5.17"]
[White "Li, Harry"]
[Black "Larkin, Vladyslav"]
[Result "0-1"]
[WhiteElo "2204"]
[BlackElo "2441"]
[PlyCount "92"]
[EventDate "2025.02.18"]
[EventType "swiss"]
[EventRounds "9"]
[EventCountry "ENG"]
[SourceTitle "BritBase"]
[Source "John Saunders"]
[SourceDate "2025.02.21"]
[SourceVersion "1"]
[SourceVersionDate "2025.02.21"]
[SourceQuality "1"]

1. e4 c5 2. Nf3 e6 3. d4 cxd4 4. Nxd4 a6 5. c4 Nf6 6. Nc3 Qc7 7. a3 b6 8. f4 Bb7 9. Bd3 Nc6 10. Nxc6 Qxc6 11. Qe2 Bc5 12. Be3 Bxe3 13. Qxe3 d6 14. O-O-O O-O-O 15. e5 Ng4 16. Qe2 Qxg2 17. Qxg2 Bxg2 18. Rhg1 dxe5 19. Rd2 Bf3 20. Rg3 exf4 21. Rxf3 Ne5 22. Rh3 g5 23. c5 b5 24. Bc2 Rxd2 25. Kxd2 f5 26. Rh6 Nf3+ 27. Kc1 Nd4 28. b4 g4 29. Bd3 Rg8 30. Ne2 Nxe2+ 31. Bxe2 f3 32. Kd2 fxe2 33. Kxe2 Kd7 34. Rxh7+ Kc6 35. Ra7 Rh8 36. Rxa6+ Kd5 37. Rd6+ Ke5 38. Rd7 Rxh2+ 39. Kd3 Ra2 40. Ra7 g3 41. c6 g2 42. Rg7 Rxa3+ 43. Kc2 Ra6 44. c7 Rc6+ 45. Kd3 Rxc7 46. Rxg2 Rc4 0-1

[Event "Isle of Wight International"]
[Site "Ryde"]
[Date "2025.02.20"]
[Round "5.18"]
[White "Turner, Matthew J"]
[Black "Tsakiris, Haralambos"]
[Result "1-0"]
[WhiteElo "2438"]
[BlackElo "2178"]
[PlyCount "67"]
[EventDate "2025.02.18"]
[EventType "swiss"]
[EventRounds "9"]
[EventCountry "ENG"]
[SourceTitle "BritBase"]
[Source "John Saunders"]
[SourceDate "2025.02.21"]
[SourceVersion "1"]
[SourceVersionDate "2025.02.21"]
[SourceQuality "1"]

1. d4 Nf6 2. Nc3 d5 3. Bf4 g6 4. Nb5 Na6 5. e3 Bg7 6. Nf3 O-O 7. Be2 Nh5 8. Be5 f6 9. Bg3 Nxg3 10. hxg3 c6 11. Nc3 Nc7 12. e4 Be6 13. Qd2 Bf7 14. g4 b5 15. e5 Ne6 16. O-O-O b4 17. Nb1 Qa5 18. Rh3 Rfb8 19. Rdh1 Nf8 20. exf6 exf6 21. g5 f5 22. Ne5 Bxe5 23. dxe5 Be6 24. g4 Qxa2 25. Rf3 b3 26. c4 Rd8 27. gxf5 Bxf5 28. Rxf5 gxf5 29. g6 Nxg6 30. Qh6 Rd7 31. Bh5 Nxe5 32. Rg1+ Ng6 33. Bxg6 hxg6 34. Rxg6+ 1-0

[Event "Isle of Wight International"]
[Site "Ryde"]
[Date "2025.02.20"]
[Round "5.19"]
[White "Vestby-Ellingsen, Mads"]
[Black "Sooraj, M R"]
[Result "1-0"]
[WhiteElo "2406"]
[BlackElo "2152"]
[PlyCount "77"]
[EventDate "2025.02.18"]
[EventType "swiss"]
[EventRounds "9"]
[EventCountry "ENG"]
[SourceTitle "BritBase"]
[Source "John Saunders"]
[SourceDate "2025.02.21"]
[SourceVersion "1"]
[SourceVersionDate "2025.02.21"]
[SourceQuality "1"]

1. d4 f5 2. Bf4 Nf6 3. e3 d6 4. h3 h6 5. Nf3 g5 6. Bh2 Bg7 7. c4 e6 8. Nc3 Qe7 9. Bd3 O-O 10. O-O Nc6 11. d5 Nb4 12. dxe6 Bxe6 13. Nd4 Ne4 14. Nxe4 fxe4 15. Nxe6 Qxe6 16. Be2 a5 17. Qd2 Nc6 18. Rac1 Kh8 19. b3 Ne5 20. Qd5 Qg6 21. Qxb7 c5 22. Bxe5 Bxe5 23. Bd1 Rae8 24. Bc2 g4 25. Bxe4 Bh2+ 26. Kxh2 Rxe4 27. g3 gxh3 28. Rcd1 h5 29. Rxd6 Qxd6 30. Qxe4 Rf6 31. Qd5 Qf8 32. Qxh5+ Kg7 33. Qe2 Rf3 34. Kxh3 Qa8 35. e4 Rf6 36. Qg4+ Kf7 37. Rd1 Qh8+ 38. Kg2 Qh6 39. Rh1 1-0

[Event "Isle of Wight International"]
[Site "Ryde"]
[Date "2025.02.20"]
[Round "5.20"]
[White "Dignam, Matthew P"]
[Black "Greet, Andrew N"]
[Result "0-1"]
[WhiteElo "2138"]
[BlackElo "2398"]
[PlyCount "88"]
[EventDate "2025.02.18"]
[EventType "swiss"]
[EventRounds "9"]
[EventCountry "ENG"]
[SourceTitle "BritBase"]
[Source "John Saunders"]
[SourceDate "2025.02.21"]
[SourceVersion "1"]
[SourceVersionDate "2025.02.21"]
[SourceQuality "1"]

1. b3 d5 2. Bb2 Bg4 3. Nf3 Nd7 4. h3 Bxf3 5. exf3 e5 6. d4 exd4 7. Qxd4 Ngf6 8. Qe3+ Qe7 9. Nd2 O-O-O 10. Qxe7 Bxe7 11. Bd3 Nc5 12. Bf5+ Kb8 13. O-O-O Rde8 14. Rhe1 Bd8 15. Bd4 Ne6 16. Be5 g6 17. Bd3 Nc5 18. Bb5 Re6 19. Bd4 a6 20. Bxc5 Rxe1 21. Rxe1 axb5 22. Bd4 b6 23. b4 Re8 24. Rxe8 Nxe8 25. f4 Be7 26. c3 c5 27. bxc5 bxc5 28. Be3 Kc7 29. Nf3 Ng7 30. Ng5 Bxg5 31. fxg5 Kc6 32. g4 Ne6 33. f4 d4 34. cxd4 cxd4 35. Bd2 Kd5 36. f5 Nc5 37. fxg6 fxg6 38. h4 Kc4 39. h5 Nd3+ 40. Kc2 Nf2 41. hxg6 hxg6 42. Bc1 Nxg4 43. Kd2 Ne5 44. Ke2 Kc3 0-1

[Event "Isle of Wight International"]
[Site "Ryde"]
[Date "2025.02.20"]
[Round "5.21"]
[White "Golding, Alex"]
[Black "Liu, Jack"]
[Result "1-0"]
[WhiteElo "2365"]
[BlackElo "2141"]
[PlyCount "83"]
[EventDate "2025.02.18"]
[EventType "swiss"]
[EventRounds "9"]
[EventCountry "ENG"]
[SourceTitle "BritBase"]
[Source "John Saunders"]
[SourceDate "2025.02.21"]
[SourceVersion "1"]
[SourceVersionDate "2025.02.21"]
[SourceQuality "1"]

1. b3 d5 2. Nf3 Nf6 3. e3 Bf5 4. Bb2 e6 5. Be2 h6 6. O-O Bd6 7. Ne5 O-O 8. f4 c5 9. d3 Nc6 10. Nxc6 bxc6 11. Nd2 Bh7 12. Qe1 Nd7 13. Qg3 f6 14. Bg4 Qe7 15. e4 f5 16. exf5 exf5 17. Bh5 Nf6 18. Rae1 Qc7 19. Bg6 d4 20. Nc4 Nd5 21. Bc1 Bxg6 22. Qxg6 Rf6 23. Qg3 Nb4 24. Re2 Nxa2 25. Bd2 Nb4 26. Bxb4 cxb4 27. Qh4 Kh7 28. g3 a5 29. Rfe1 a4 30. bxa4 Rxa4 31. Re6 Ra1 32. Qh5 Rxe1+ 33. Rxe1 Qd7 34. Kf2 c5 35. Qf3 Qa4 36. Qd1 Qa8 37. h4 Qd5 38. Qe2 Rg6 39. h5 Rf6 40. Qe8 Bf8 41. Ne5 Qe6 42. Nd7 1-0

[Event "Isle of Wight International"]
[Site "Ryde"]
[Date "2025.02.20"]
[Round "5.22"]
[White "Tomaszewski, Kacper"]
[Black "Wilks, Simon"]
[Result "1-0"]
[WhiteElo "2348"]
[BlackElo "2089"]
[PlyCount "83"]
[EventDate "2025.02.18"]
[EventType "swiss"]
[EventRounds "9"]
[EventCountry "ENG"]
[SourceTitle "BritBase"]
[Source "John Saunders"]
[SourceDate "2025.02.21"]
[SourceVersion "1"]
[SourceVersionDate "2025.02.21"]
[SourceQuality "1"]

1. d4 Nf6 2. c4 e6 3. Nc3 Bb4 4. Bf4 Bxc3+ 5. bxc3 d6 6. f3 Nc6 7. e4 O-O 8. Bd3 e5 9. Be3 b6 10. Ne2 Ba6 11. Nc1 Na5 12. c5 Bxd3 13. Qxd3 dxc5 14. dxc5 Qxd3 15. Nxd3 Nc4 16. Ke2 Nd7 17. Bf2 f6 18. Rab1 Rfd8 19. Rhd1 Kf7 20. Nb4 Nxc5 21. Bxc5 bxc5 22. Na6 Rac8 23. Nxc5 Rb8 24. Rxb8 Rxb8 25. Rd7+ Kg6 26. Rxc7 Nd6 27. Nd3 a5 28. c4 a4 29. Rc6 Rd8 30. Kd2 Kg5 31. Kc3 h5 32. Nc5 Kh6 33. Ne6 Rd7 34. Rc7 Rxc7 35. Nxc7 h4 36. c5 Nf7 37. Ne6 h3 38. g3 g6 39. Kc4 f5 40. Kd5 f4 41. g4 a3 42. c6 1-0

[Event "Isle of Wight International"]
[Site "Ryde"]
[Date "2025.02.20"]
[Round "5.23"]
[White "Elgar, Tim"]
[Black "Camacho Collados, Jose"]
[Result "1/2-1/2"]
[WhiteElo "2104"]
[BlackElo "2345"]
[PlyCount "111"]
[EventDate "2025.02.18"]
[EventType "swiss"]
[EventRounds "9"]
[EventCountry "ENG"]
[SourceTitle "BritBase"]
[Source "John Saunders"]
[SourceDate "2025.02.21"]
[SourceVersion "1"]
[SourceVersionDate "2025.02.21"]
[SourceQuality "1"]

1. Nf3 d5 2. g3 g6 3. Bg2 Bg7 4. O-O e5 5. d3 Ne7 6. c4 c6 7. e4 O-O 8. b4 Na6 9. a3 Nc7 10. Bb2 Bg4 11. Qb3 dxe4 12. Nxe5 Be2 13. Re1 exd3 14. Nxd3 Qxd3 15. Qxd3 Bxd3 16. Bxg7 Kxg7 17. Rxe7 Rfe8 18. Rxe8 Rxe8 19. Nd2 Re2 20. Nb3 Bxc4 21. Bf1 Rc2 22. Bxc4 Rxc4 23. Na5 Rc3 24. Nxb7 Nd5 25. Na5 Kf6 26. Re1 c5 27. Nc6 cxb4 28. Nxb4 Nb6 29. Rd1 Rxa3 30. Nc6 Kg7 31. Rb1 Nc4 32. Rb7 a5 33. Nd8 Ne5 34. f4 Ra1+ 35. Kg2 Ra2+ 36. Kh3 Nf3 37. Nxf7 Ng1+ 38. Kh4 Rxh2+ 39. Kg5 Nh3+ 40. Kg4 Kf6 41. Nd8 h5+ 42. Kf3 Ng1+ 43. Ke4 Re2+ 44. Kd3 Kf5 45. Rb5+ Kg4 46. Rxa5 Kxg3 47. Rg5+ Kxf4 48. Rxg1 Re8 49. Rxg6 Rxd8+ 50. Ke2 h4 51. Kf2 Rd2+ 52. Kg1 Kf3 53. Rg8 Ra2 54. Kh1 h3 55. Rf8+ Kg3 56. Rg8+ 1/2-1/2

[Event "Isle of Wight International"]
[Site "Ryde"]
[Date "2025.02.20"]
[Round "5.24"]
[White "Houska, Jovanka"]
[Black "Chong, Kai Ni Agnes"]
[Result "1-0"]
[WhiteElo "2344"]
[BlackElo "1955"]
[PlyCount "99"]
[EventDate "2025.02.18"]
[EventType "swiss"]
[EventRounds "9"]
[EventCountry "ENG"]
[SourceTitle "BritBase"]
[Source "John Saunders"]
[SourceDate "2025.02.21"]
[SourceVersion "1"]
[SourceVersionDate "2025.02.21"]
[SourceQuality "1"]

1. d4 Nf6 2. Nf3 d5 3. c4 e6 4. cxd5 exd5 5. Qc2 c6 6. Nc3 Be7 7. Bf4 O-O 8. e3 Re8 9. Bd3 c5 10. dxc5 Bxc5 11. O-O Bg4 12. Nb5 Na6 13. Ne5 Be6 14. a3 Rc8 15. Qe2 Bb6 16. b4 Nc7 17. Nd4 Nd7 18. Bxh7+ Kxh7 19. Qh5+ Kg8 20. Nxe6 fxe6 21. Qf7+ Kh7 22. Nxd7 Qe7 23. Qxe7 Rxe7 24. Nxb6 axb6 25. Rfc1 e5 26. Bg3 Kg6 27. Ra2 Kf5 28. Rac2 g5 29. a4 Ra8 30. Rxc7 Rxc7 31. Rxc7 Rxa4 32. h4 gxh4 33. Bxh4 Rxb4 34. g3 d4 35. exd4 exd4 36. Rxb7 Rb1+ 37. Kg2 b5 38. Rd7 Ke5 39. f4+ Ke4 40. Re7+ Kd5 41. f5 d3 42. Rd7+ Ke4 43. f6 Rb2+ 44. Kh3 Rf2 45. Bg5 b4 46. Bf4 Ra2 47. f7 Ra8 48. Re7+ Kf3 49. Re8 Ra7 50. f8=Q 1-0

[Event "Isle of Wight International"]
[Site "Ryde"]
[Date "2025.02.20"]
[Round "5.25"]
[White "Brewer, Callum D"]
[Black "Banerjee, Supratit"]
[Result "1/2-1/2"]
[WhiteElo "2122"]
[BlackElo "2264"]
[PlyCount "95"]
[EventDate "2025.02.18"]
[EventType "swiss"]
[EventRounds "9"]
[EventCountry "ENG"]
[SourceTitle "BritBase"]
[Source "John Saunders"]
[SourceDate "2025.02.21"]
[SourceVersion "1"]
[SourceVersionDate "2025.02.21"]
[SourceQuality "1"]

1. e4 e6 2. d4 d5 3. Nd2 c5 4. exd5 Qxd5 5. Ngf3 cxd4 6. Bc4 Qd7 7. O-O Nc6 8. Nb3 a6 9. a4 Nf6 10. Qe2 Bd6 11. Rd1 Qc7 12. Nbxd4 Nxd4 13. Rxd4 Bd7 14. g3 Bc6 15. Bf4 Bxf3 16. Qxf3 e5 17. Rxd6 Qxd6 18. Re1 O-O 19. Rxe5 Rad8 20. Bd3 Qd4 21. Qxb7 Rb8 22. Qxa6 Rxb2 23. Rb5 Rxb5 24. Qxb5 Ng4 25. Be3 Nxe3 26. fxe3 Qxe3+ 27. Kg2 g6 28. a5 Re8 29. a6 Re7 30. Qb8+ Kg7 31. Qb2+ f6 32. Qb4 h5 33. Kh3 g5 34. Kg2 h4 35. gxh4 gxh4 36. Qxh4 Re5 37. Qh7+ Kf8 38. Qh8+ Kf7 39. Qh7+ Kf8 40. Qh8+ Ke7 41. Qg7+ Ke6 42. Qg8+ Kd6 43. Qd8+ Kc5 44. Qc7+ Kb4 45. Qc4+ Ka5 46. Qc7+ Kb4 47. Qc4+ Ka5 48. Qc7+ 1/2-1/2

[Event "Isle of Wight International"]
[Site "Ryde"]
[Date "2025.02.20"]
[Round "5.26"]
[White "Maki Uuro, Miika"]
[Black "Ng, Jun Fung Isaac"]
[Result "0-1"]
[WhiteElo "2278"]
[BlackElo "2034"]
[PlyCount "70"]
[EventDate "2025.02.18"]
[EventType "swiss"]
[EventRounds "9"]
[EventCountry "ENG"]
[SourceTitle "BritBase"]
[Source "John Saunders"]
[SourceDate "2025.02.21"]
[SourceVersion "1"]
[SourceVersionDate "2025.02.21"]
[SourceQuality "1"]

1. Nf3 Nf6 2. c4 c5 3. Nc3 g6 4. g3 Bg7 5. Bg2 O-O 6. O-O Nc6 7. d4 cxd4 8. Nxd4 Nxd4 9. Qxd4 d6 10. Qd3 Bf5 11. e4 Be6 12. Bd2 Nd7 13. b3 a6 14. Rac1 b5 15. cxb5 axb5 16. Qxb5 Bxc3 17. Bxc3 Rxa2 18. Ra1 Rxa1 19. Rxa1 Qc7 20. Ba5 Qc2 21. b4 Rb8 22. Qg5 f6 23. Qc1 Rc8 24. Qxc2 Rxc2 25. f4 Bc4 26. Bf3 Be2 27. Bxe2 Rxe2 28. Rc1 Kf7 29. Rc7 Nf8 30. Rc4 Rb2 31. Bb6 f5 32. exf5 gxf5 33. Bd4 Rb1+ 34. Kg2 Ne6 35. Bc3 d5 0-1

[Event "Isle of Wight International"]
[Site "Ryde"]
[Date "2025.02.20"]
[Round "5.27"]
[White "Brett, Andrew R"]
[Black "Shearsby, Jude"]
[Result "0-1"]
[WhiteElo "2047"]
[BlackElo "2227"]
[PlyCount "77"]
[EventDate "2025.02.18"]
[EventType "swiss"]
[EventRounds "9"]
[EventCountry "ENG"]
[SourceTitle "BritBase"]
[Source "John Saunders"]
[SourceDate "2025.02.21"]
[SourceVersion "1"]
[SourceVersionDate "2025.02.21"]
[SourceQuality "1"]

1. d4 Nf6 2. c4 g6 3. Nc3 Bg7 4. e4 d6 5. Be2 O-O 6. Be3 e5 7. d5 Na6 8. Nf3 b6 9. Nd2 h6 10. O-O Nh7 11. a4 f5 12. exf5 gxf5 13. f4 e4 14. a5 bxa5 15. Nb3 Qe8 16. Rxa5 c5 17. dxc6 Qxc6 18. Nd4 Qc7 19. Rd5 Qf7 20. Ncb5 Nb4 21. Rxd6 Nf6 22. Nc6 Nxc6 23. Rxc6 Bd7 24. Rc7 a6 25. Nd6 Qg6 26. c5 Be6 27. Bd4 Kh8 28. Bc4 Bxc4 29. Nxc4 Rac8 30. Ne5 Qh7 31. Rxc8 Rxc8 32. Qb3 Qg8 33. Ng6+ Kh7 34. Qxg8+ Nxg8 35. Ne5 Ne7 36. b4 Nd5 37. g3 Nxb4 38. Rb1 Nc2 39. Bc3 0-1